Music Quiz

Random Music Quiz

Name That Rapper! (Best One's Ever!) Quiz Stats

 Plays Quiz not verified by Sporcle

Support Sporcle.
Go Orange.
Score 0/50 Timer 15:00
0 Plays Today
Song Name Artist % Correct
Stan, Lose Yourself, Not AfraidEminem
84.5%
Gin and Juice, Drop it Like Its HotSnoop Dogg
84.5%
Nothin' but A G Thang, Dre DayDr. Dre
83.8%
Dear Mama, Changes, California LoveTupac
80.3%
Hard Knock Life, Empire State Of MindJay Z
80.3%
In Da Club, Magic Stick50 Cent
78.2%
Heartless, Stronger, Jesus WalksKanye West
73.9%
Juicy, HypnotizedNotorious B.I.G.
73.2%
Prom Queen, A MilliLil Wayne
73.2%
It Was A Good Day, Check YourselfIce Cube
64.1%
Straight Outta Compton, 100 Mile and Runnin'NWA
62%
What You Know, Whatever You LikeT.I.
59.2%
Roses, B.O.B., Hey YaOutkast
59.2%
Gangsta's ParadiseCoolio
57.7%
One Mic, The World Is YoursNas
57.7%
Can't Touch This, Have You Seen Her, Let's Get It StartedMC Hammer
57.7%
Gangsta's ParadiseCoolio
57.7%
Find Your Love, Over, Best I Ever HadDrake
57%
Walk This Way, It's Like That, It's TrickyRun DMC
54.2%
You Gotta Fight For Your Right to Party, No Sleep Till BrooklynBeastie Boys
47.2%
Where Da Hood At, Get At Me DogDMX
45.8%
911 is a Joke, My Uzi Weighs a Ton, Fight the PowerPublic Enemy
43.7%
Only If You Want It, Boyz in Da HoodEazy E
43.7%
I Need Love, I'm Going Back To CaliLL Cool J
40.1%
Crossroads, I Tried (Ft. Akon)Bone Thugs N Harmony
38.7%
Song Name Artist % Correct
Go Crazy, My President is BlackYoung Jeezy
38%
La Di Da Di, Teenage LoveSlick Rick
37.3%
Rapper's DelightSugarhill Gang
35.9%
Hits From the Bong, I Wanna Get High, Insane in the MembraneCypress Hill
35.2%
Colors, 6 in the Mornin'Ice T
33.1%
Get Your Freak OnMissy Elliott
32.4%
I Used to Love H.E.R.Common
31%
Just a FriendBiz Markie
31%
Push It, Whatta ManSalt N Pepa
31%
O.P.P., Hip Hip HoorayNaughty By Nature
28.2%
Just Bust a MoveYoung MC
26.1%
Can I Kick It?, Bonita ApplebumA Tribe Called Quest
25.4%
The Humpty DanceDigital Underground
22.5%
Me, Myself, and IDe La Soul
18.3%
The Choice is YoursBlack Sheep
17.6%
Set It Off, Smooth OperatorBig Daddy Kane
16.2%
Mind Playing Tricks On Me, 6 Feet UnderGeto Boys
16.2%
Crush On YouLil Kim
15.5%
Mr. Wendal, TennesseeArrested Development
14.8%
Gimmie Dat Microphone, Freak It, They Want EFXDas Efx
9.9%
Ruffneck, Cha Cha ChaMc Lyte
9.9%
Rebirth of Slick (Cool Like Dat)Digable Planets
9.2%
Wild Thing, Funky ComadinaTone Loke
4.9%
Proceed, You Got MeThe Roots
4.9%
I'm Still Number 1Boogie Down Productions
2.1%

You're not logged in!

Compare scores with friends on all Sporcle quizzes.
OR
Log In

From the Vault

Are You Ready to Rock? II

by beforever

Let's be honest here, Steven Tyler sort of looks like a crazy old cat lady now, doesn't he?
Remove Ads.
Support Sporcle.
Get the best of Sporcle when you Go Orange. This ad-free experience offers more features, more stats, and more fun while also helping to support Sporcle. Thank you for becoming a member.

Show Comments

Extras

Created Apr 5, 2011ReportNominate
Tags:Ever, Rapper

Top Quizzes Today


Score Distribution

Your Account Isn't Verified!

In order to create a playlist on Sporcle, you need to verify the email address you used during registration. Go to your Sporcle Settings to finish the process.

Report this User

Report this user for behavior that violates our Community Guidelines.

Details: